00535nam a2200181Ia 4500003000900000005001700009008004100026020001800067040001600085080002300101100001800124245010100142260003700243300001400280650003600294650000800330700001500338IN-BaIIA20250703115110.0211028s9999 xx 000 0 eng d a0-7923-0879-4 cIIA Library a082.2:52bIAU-S142 aPriest, E. R. 0aBasic plasma processes on the SuncPriest, E. R. and Krishan V.  aDordrechtbKluwer Academicc1990 axi, 135p. aAstrophysics and astroparticles aSun aKrishan, V